Sri Lanka, biography of an island : (Record no. 837)

MARC details
000 -LEADER
fixed length control field 007340000a22002410004500
003 - CONTROL NUMBER IDENTIFIER
control field LK-CoMWRAF
005 - DATE AND TIME OF LATEST TRANSACTION
control field 20231120150504.0
008 - FIXED-LENGTH DATA ELEMENTS--GENERAL INFORMATION
fixed length control field 230817t2003 ||||| |||| 00| 0 eng d
020 ## - INTERNATIONAL STANDARD BOOK NUMBER
International Standard Book Number 9558736023
040 ## - CATALOGING SOURCE
Original cataloging agency LK-CoMWRAF
Modifying agency LK-CoMWRAF
Description conventions LK-CoMWRAF
041 ## - LANGUAGE CODE
Language code of text/sound track or separate title English
082 ## - DEWEY DECIMAL CLASSIFICATION NUMBER
Classification number 320.954
Item number MEY
942 ## - ADDED ENTRY ELEMENTS (KOHA)
Koha item type Books
100 ## - MAIN ENTRY--PERSONAL NAME
Personal name Meyer, Eric
700 ## - ADDED ENTRY--PERSONAL NAME
Personal name Segond-Baldwin, Kristie
Relator Term translator
700 ## - ADDED ENTRY--PERSONAL NAME
Personal name Halpē, Ashley
Relator Term editor
242 ## - TRANSLATION OF TITLE BY CATALOGING AGENCY
Title Entre particularismes et mondialisation
245 ## - TITLE STATEMENT
Title Sri Lanka, biography of an island :
Remainder of title between local & global
260 ## - PUBLICATION, DISTRIBUTION, ETC. (IMPRINT)
Place of publication, distribution, etc. Negombo:
Name of publisher, distributor, etc. Viator,
Date of publication, distribution, etc. 2003
300 ## - PHYSICAL DESCRIPTION
Extent 229 p. : maps ; 22 cm.
Other physical details Bibliography included
650 ## - SUBJECT ADDED ENTRY--TOPICAL TERM
Topical term or geographic name as entry element Sri Lanka--Politics and government
650 ## - SUBJECT ADDED ENTRY--TOPICAL TERM
Topical term or geographic name as entry element Sri Lanka-History
Holdings
Withdrawn status Lost status Damaged status Not for loan Permanent Location Current Location Date acquired Full call number Barcode Koha item type
        Resource center, Muslim Women's Research And Action Forum Resource center, Muslim Women's Research And Action Forum 2023-08-17 320.954 MEY RAF3100 Books
        Resource center, Muslim Women's Research And Action Forum Resource center, Muslim Women's Research And Action Forum 2023-11-20 320.954 MEY RAF3101 Books

Copyright © 2023 Muslim Women's Research and Action Forum (MWRAF), No 27/3, Anderson Road, Kalubowila, Dehiwela. Funded by The Asia Fundation